Ultimate Geography Challenge '-ia' Quiz Stats

 Plays Quiz Updated Feb 13, 2019

Support Sporcle.
Go Orange.
Score 0/54 Timer 08:00
0 Plays Today
% Correct
Georgia
89.1%
Georgia
89.1%
Australia
87%
Albania
86.6%
India
85.6%
Austria
84.4%
California
84.1%
Latvia
83.1%
Lithuania
83.1%
Algeria
82%
Russia
81.4%
Slovakia
81.3%
Bulgaria
81.2%
Slovenia
80.9%
Romania
80.2%
Indonesia
79.8%
Armenia
79.8%
Estonia
79.7%
Colombia
77.8%
Virginia
77.4%
Serbia
76.6%
Croatia
76.5%
West Virginia
75.5%
Tanzania
74.6%
Zambia
74.5%
Namibia
73.2%
Malaysia
72.6%
% Correct
Bolivia
72.2%
Liberia
72.2%
Czechia
71.9%
Tunisia
71.7%
Ethiopia
71.4%
Nigeria
71.3%
Somalia
71.3%
Pennsylvania
70.8%
Cambodia
70.4%
North Macedonia
70%
Mongolia
67.6%
Mauritania
67.3%
Syria
66.7%
Saudi Arabia
65.8%
The Gambia
65.7%
Micronesia
57.8%
Columbia
55%
St Lucia
53.6%
Brasilia
50.3%
Olympia
48.6%
Monrovia
43.7%
Apia
37.8%
Pretoria
37.6%
Sofia
37%
Nicosia
33.7%
Praia
32.9%
Victoria
29.5%

From the Vault

50 Hits to Click: 1979

by caramba

Music 6m
We love your outfits, 1970s. Don't ever change.
Remove Ads.
Support Sporcle.
Get the best of Sporcle when you Go Orange. This ad-free experience offers more features, more stats, and more fun while also helping to support Sporcle. Thank you for becoming a member.

Show Comments

Extras

Top Quizzes Today


Score Distribution

Your Account Isn't Verified!

In order to create a playlist on Sporcle, you need to verify the email address you used during registration. Go to your Sporcle Settings to finish the process.

Report this User

Report this user for behavior that violates our Community Guidelines.

Details: